Statistics for Former Names of Places #1

Click here to take the quiz!

General Stats

  • This quiz has been taken 394 times
    (255 since last reset)
  • The average score is 13 of 18

Answer Stats

Former NameCurrent Name% Correct
PersiaIran
95%
PekingBeijing
93%
SiamThailand
93%
BombayMumbai
92%
BurmaMyanmar
92%
LeningradSaint Petersburg
91%
CeylonSri Lanka
88%
East PakistanBangladesh
87%
Russian AmericaAlaska
84%
AbyssiniaEthiopia
84%
EdoTokyo
79%
FormosaTaiwan
71%
Holy Roman EmpireGermany
67%
German East AfricaTanzania
65%
Upper VoltaBurkina Faso
54%
MadrasChennai
48%
Indian TerritoryOklahoma
30%
PressburgBratislava
18%

Score Distribution

Percentile by Number Answered

Percent of People with Each Score

Your Score History

You have not taken this quiz since the last reset